=LDR 00000nam 2200000 4500 =001 INLIS000000000024146 =005 20130612122742 =008 ***********************************Ind** =035 ##$$0010-061300000024146 =041 ##$$a Ind =082 ##$$a Ind =090 ##$$a 2X9, Tha m =100 ##$$a At- Thyyib, As'ad Muhammad =245 ##$$a Menaggung cobaan berat, Meneladani keteguhan hati para sahabat nabi, As'ad Muhammad At-Thayyib =260 ##$$a 2003 $b Yogyakarta =300 ##$$a 70 hlm, 16 cm =650 ##$$a Sahabat nabi =850 ##$$a NBPNMAT